Notte prima degli esami - Venditti - Testo - Statistics

Statistiche generali
  • Questo quiz è stato fatto 78 volte
  • Il punteggio medio è 214 su 282
Statistiche sulle risposte
Risposta % Corretto
di
100%
a
98%
e
98%
è
98%
È
98%
E
98%
i
98%
notte
98%
Notte
98%
esami
96%
la
96%
degli
94%
mi
94%
prima
94%
Se
94%
se
94%
lo
92%
Ma
92%
ma
92%
ancora
90%
da
90%
il
90%
le
90%
Le
90%
non
90%
Non
90%
nostra
90%
po'
88%
Questa
88%
questa
88%
li
86%
sei
86%
tu
86%
che
84%
Che
84%
gli
84%
Gli
84%
te
84%
ti
84%
un
84%
con
82%
mio
82%
polizia
80%
sono
80%
sul
80%
via
80%
Come
78%
come
78%
Io
78%
lontana
78%
mai
78%
male
78%
matematica
78%
mia
78%
al
76%
dalla
76%
far
76%
in
76%
mestiere
76%
Roma
76%
sarà
76%
troppo
76%
vicini
76%
amore
73%
avvocati
73%
Claudia
73%
fanno
73%
pianoforte
73%
ricordo
73%
Si
73%
spalla
73%
una
73%
chitarra
71%
delle
71%
giorno
71%
lacrime
71%
quattro
71%
ragazzi
71%
solo
71%
stanza
71%
sulla
71%
tremare
71%
tuo
71%
mie
69%
muore
69%
occhiali
69%
portato
69%
qualcuno
69%
segretarie
69%
sposare
69%
vita
69%
Ariosto
67%
bombe
67%
Dante
67%
farsi
67%
tue
67%
dagli
65%
mani
65%
preghiere
65%
finestra
63%
l'amore
63%
luna
63%
padre
63%
papà
63%
pini
63%
posto
63%
sembra
63%
settimana
63%
spezza
63%
stasera
63%
strana
63%
sulle
63%
vedo
63%
certo
61%
chiese
61%
chiuse
61%
cosce
61%
fratello
61%
mamma
61%
seno
61%
solito
61%
alla
59%
tra
59%
posso
57%
quando
57%
mano
55%
nonne
55%
prego
55%
tese
55%
biberon
53%
confessare
53%
fitto
53%
mistero
53%
preso
53%
vuoi
53%
fermare
51%
Maturità
51%
qui
51%
aerei
49%
luci
49%
Mosca
49%
voglia
49%
volano
49%
alto
47%
amici
47%
campioni
47%
col
47%
coppe
47%
New York
47%
t'avessi
47%
accendono
45%
cantare
45%
palco
45%
pizze
45%
tuoi
45%
americani
43%
calzoni
43%
fredde
43%
cambiare
41%
Forse
41%
intorno
41%
quanti
41%
sogni
41%
viene
41%
originale
39%
peccato
39%
diversi
37%
giovani
35%
attori
33%
cambiati
31%
Nessun quiz corrispondente trovato
Distribuzione punteggi
Percentuale di utenti per punteggio
Percentile per numero di risposta
I tuoi punteggi nel tempo
Non hai fatto questo quiz